Muerte a filo de obsidiana: los nahuas frente a la muerte

Na minha lista:
Detalhes bibliográficos
Autor principal: Matos Moctezuma, Eduardo (autor)
Formato: Livro
Idioma:espanhol
Publicado em: Ciudad de México Fondo de Cultura Económica 1996
Edição:4a. ed
coleção:Antropología
Assuntos:
Tags: Adicionar Tag
Sem tags, seja o primeiro a adicionar uma tag!

MARC

LEADER 00000cam a2200000 a 4500
001 UCG8668
003 CL-VaPUC
008 111223e19960000MX |||||||||||||||||spa|d
020 |a 9789681649913 
082 0 4 |a 301  |b MAT  |2 21 
100 |a Matos Moctezuma, Eduardo  |e autor  |9 559786 
245 1 0 |a Muerte a filo de obsidiana: los nahuas frente a la muerte 
250 |a 4a. ed 
300 |a 158 p 
942 |c BK 
945 |d 20111223 00:00:00  |a dcastane 
260 |a Ciudad de México  |b Fondo de Cultura Económica  |c 1996 
650 0 |a Antropología   |9 233030 
650 0 |a Aztecas  |9 265930 
650 0 |a Historia de México  |9 321806 
650 0 |a Muerte  |9 265114 
583 |a last modification  |c 20131227 02:27:46  |k Rodrigo Vera 
490 0 |a Antropología 
999 |c 346268  |d 346266 
952 |0 0  |1 0  |2 ddc  |4 0  |6 301_000000000000000_MAT_1996  |7 0  |8 A  |9 446910  |a BIBART  |b BIBART  |d 2019-11-22  |i 4816838  |o 301 MAT 1996  |p 4816838  |r 2025-03-13  |w 2019-11-22  |y BK  |k ART 
952 |0 0  |1 0  |3 erb  |4 0  |6 301_000000000000000_MAT_1996  |7 0  |8 A  |9 446911  |a BIBHIS  |b BIBHIS  |i 5038332  |o 301 MAT 1996  |p 5038332  |r 2025-01-20  |w 2019-11-22  |y BK  |z Catalogado en:20131227  |k HIS